| 000 | 00740nam a2200181 i 4500 | ||
|---|---|---|---|
| 001 | 152378 | ||
| 003 | ES-MaACL | ||
| 005 | 20230906204717.0 | ||
| 008 | 051011s1867 fr |||| | fre d | ||
| 100 | 1 |
_aBonneville de Marsangy, Louis. _930275 |
|
| 245 | 1 | 0 |
_aMoralisation de l'enfance coupable / _cpar L. Bonneville de Marsangy. |
| 260 |
_aParis : _bArmand Anger, _c1867 ( _fImp. Simon Raçon et Comp.) |
||
| 300 |
_a242 p., [1] h. de lám. ; _c22 cm. |
||
| 599 | _aLa h. de lám.: Colonie Agricole de Mettray (Francia) | ||
| 610 | 2 | 4 |
_aColonie agricole et pénitentiaire de Mettray. _9167004 |
| 650 | 4 |
_aReformatorios- _zFrancia. _9167005 |
|
| 852 |
_aES-MaACL _jD-216 _z- Enc. hol., conservando la cub. original _z. - Donativo de Lastres |
||
| 999 |
_c152378 _d152378 |
||